LIBRARY & INFORMATION CENTRE, KCAET, TAVANUR

ONLINE PUBLIC ACCESS CATALOGUE (OPAC)

Darwin`s biological work / (Record no. 10855)

MARC details
000 -LEADER
fixed length control field 00424cam a2200169ua 4500
041 ## - LANGUAGE CODE
Language code of text/sound track or separate title eng
082 ## - DEWEY DECIMAL CLASSIFICATION NUMBER
Classification number 575.0162
Item number BEL/DA
100 ## - MAIN ENTRY--AUTHOR NAME
Personal name Bell, P R .
245 ## - TITLE STATEMENT
Title Darwin`s biological work /
250 ## - EDITION STATEMENT
Edition statement 1 /
260 ## - PUBLICATION, DISTRIBUTION, ETC. (IMPRINT)
Place of publication Cambridge :
Name of publisher Cambridge University Press ,
Year of publication 1959.
300 ## - PHYSICAL DESCRIPTION
Number of Pages 342 ; .
700 1# - ADDED ENTRY--PERSONAL NAME
Personal name Challinor , J .
942 ## - ADDED ENTRY ELEMENTS (KOHA)
Koha item type Books
Holdings
Withdrawn status Lost status Damaged status Home library Current library Date acquired Full call number Accession Number Koha item type
      KAUAET KAUAET 07/04/2012 575.0162 BEL/DA 5496 Books
free website counter